000
00379nam a22001697a 4500
003
MPLRDC
005
20220104155355.0
008
210129b ||||| |||| 00| 0 eng d
082
_a
415.7 LZX c.2
100
_a
林仲贤编
245
_a
儿童皮肤病
_c
250
_a
初版
260
_a
_b
大丰出版社
_c
300
_b
平
650
_a
942
_c
BK
_o
415.7 LZX c.2
999
_c
54461
_d
54451